000 00647nam a2200229Ia 4500
001 8013
003 GE_BSU
008 181216s||||||||xx |||||||||||||| ||und||
040 _cGE_BSU
080 _a621.397.13(075.8)
100 _aКолин,К.Т. Аксентов,Ю.В. Колпенская,Е.Ю.
245 _aТелевидение.
245 _bУчебник.
245 _cРед.В.А.Лазарева.
250 _aИзд 2-ое, перераб. и дополн.
260 _aМ.
260 _bСвязь.
260 _c1972.
300 _a464 стр. с илл. 22 см.
653 _aТелевидение.
942 _cBK
999 _c41355
_d41355